La vista previa impositiva (Registro nro. 14953)

Detalles MARC
000 -LEADER
fixed length control field 00302 a2200109 4500
001 - CONTROL NUMBER
control field ART_18251
005 - DATE AND TIME OF LATEST TRANSACTION
control field 20260410161659.0
008 - FIXED-LENGTH DATA ELEMENTS--GENERAL INFORMATION
fixed length control field 260409a
100 1# - MAIN ENTRY--PERSONAL NAME
Personal name Baldo, Alberto
245 10 - TITLE STATEMENT
Title La vista previa impositiva
773 0# - HOST ITEM ENTRY
Title Práctica profesional
Related parts - Nº 156 (dic. 2011)
Record control number REV542

No hay ítems disponibles.